000 00679nam a22002177a 4500
003 UA-OsUOA
001 73421
007 ta
008 20110301b un ||||| |||| 00| 0 ukr d
100 _aФедулова Л.
090 _a330(477)
_bФ34
942 _cSA
040 _aUA-OsUOA
_bukr
_cUA-OsUOA
_dUA-OsUOA
245 _aНауково-технологічний та інноваційний процес в Україні: тенденції в кризових ситуаціях
300 _aС.24-28
955 _a0
041 _aukr
080 _a330(477)
773 0 _w73419
_tЕкономіст
_dК.
_d2011
_g1
650 7 _a330 Економіка взагалі
_2UDC
999 _c359695
_d359695